5HLuxD.jpg

KING HENRY VIII SENIOR AND PRIMARY SCHOOL LIBRARY OPAC

GRAND TOUR OF THE SOLAR SYSTEM (Record no. 4112)

000 -LEADER
fixed length control field 00312nam a22001097a 4500
008 - FIXED-LENGTH DATA ELEMENTS--GENERAL INFORMATION
fixed length control field 250121b ||||| |||| 00| 0 eng d
020 ## - INTERNATIONAL STANDARD BOOK NUMBER
International Standard Book Number 9781780555751
082 ## - DEWEY DECIMAL CLASSIFICATION NUMBER
Classification number 523 ADE
100 ## - MAIN ENTRY--PERSONAL NAME
Personal name DR MAGGIE ADERIN
Relator term ADERIN,DR MAGGIE
245 ## - TITLE STATEMENT
Title GRAND TOUR OF THE SOLAR SYSTEM
942 ## - ADDED ENTRY ELEMENTS (KOHA)
Source of classification or shelving scheme
Classification part 523 ADE
Holdings
Withdrawn status Lost status Source of classification or shelving scheme Damaged status Not for loan Collection code Permanent Location Current Location Shelving location Date acquired Total Checkouts Total Renewals Full call number Barcode Date last seen Date last checked out Price effective from Koha item type
          Non-Fiction KH8 Primary School Library KH8 Primary School Library Non Fiction 2025-01-21 6 1 523.2 ADE KHPL000005026 2026-02-13 2026-02-09 2025-01-21 Books - Non Ficton
            KH8 Primary School Library KH8 Primary School Library   2025-01-21     523 ADE KHPL000005013 2025-12-05   2025-01-21  

Powered By KH8 IT Dept